Animadversiones ad lucubrationes canonicales Francisco Ceccoperii de canonicarum praecedentia, officio in choro ac circa sacrificium

Detalles Bibliográficos
Autor principal: SCARFANTONI, Juan Jacobo
Formato: Libro
Publicado: Lucca 1723
Materias:
Colección:Banco de datos
Acervo:Biblioteca Nacional de Antropología e Historia. Fondo Conventual
Descripción Física:2a.parte
Tema general:Derecho Eclesiástico
Notas:Buena. Encuadernada con: Decisiones sacrae rotae romanae, et vota decisiva... Ex libris en sello no identificado. XIX, 1,18.
LEADER 00864nam a22002050004500
035 |a 8285 
036 |a 2890 
100 1 |a SCARFANTONI, Juan Jacobo 
245 1 0 |a Animadversiones ad lucubrationes canonicales Francisco Ceccoperii de canonicarum praecedentia, officio in choro ac circa sacrificium 
260 |a Lucca  |b Leonardo Venturini  |c 1723 
300 |a 2a.parte 
500 |a Buena. Encuadernada con: Decisiones sacrae rotae romanae, et vota decisiva... Ex libris en sello no identificado. XIX, 1,18. 
650 1 0 |a Derecho Eclesiástico 
949 |a B.N.A.H. 
959 |a Biblioteca Nacional de Antropología e Historia. Ciudad de México  |b CCC1 
960 |a Seminario de Morelia  |b DD56 
961 |a Casa de formación del Clero Secular  |b CS 
942 |c B.N.A.H. 
943 |g Biblioteca Nacional de Antropología e Historia. Fondo Conventual 
999 |c 1032817  |d 1032817